| 000 | 00735cam a22002412 4500 | ||
|---|---|---|---|
| 001 | 0000001173 | ||
| 005 | 20151217151808.0 | ||
| 008 | 070227s xx 000 0 eng d | ||
| 020 | _a0471997803 : | ||
| 040 |
_aKABU _cKABU |
||
| 050 | 0 |
_aGE105 _b.B64 1999 |
|
| 100 | 1 |
_aBoeker, Egbert. _@0000149733 |
|
| 245 | 1 | 0 |
_aEnvironmental physics / _cEdbert Boeker and Rienk van Grondelle. |
| 250 | _a2nd ed. | ||
| 260 |
_aNew York : _bJohn Wiley, _c1999. |
||
| 300 | _a xiii, 442 p. | ||
| 650 | 0 |
_aEnvironmental sciences. _@0000058483 |
|
| 650 | 0 |
_aAtmospheric physics. _@0000149734 |
|
| 700 | 1 |
_avan Grondelle, Rienk. _@0000149735 |
|
| 852 | 1 | _9p6900 KES | |
| 908 | _a070227 | ||
| 950 | _@1 | ||
| 999 |
_c5121 _d5121 |
||